000 00224nam a2200097Ia 4500
005 20251222175818.0
008 251222s9999||||xx |||||||||||||| ||spa||
082 _aDVD0070/V28/2003
245 0 _aElephant:Elefante
942 _cDVD
999 _c40387
_d40387